1548 1052 1738 1907 1204 1420 1751 1365 1926 1341 1425 1858 1636 1928 1312 1354 1782 1063 1703 1852 1889 1193 1953 1394 1677 1226 1269 1996 1762 1939 1268 1934 1699 1569 1968 1308 1692 1495 1060 1523 1623 1840 1833 1796 1759 1669 1026 1075 1599 1126 1064 1422 1937 1401 1805 1734 1673 1319 1408 1100 1850 1192 1371 1601 1913 1536 1162 1735 1875 1095 1060 1106 1402 1239 1541 1977 1108 1266 1438 1449 1594 1328 1943 1855 1200 1496 1779 1994 1028 1992 1572 1961 1137 1159 1092 1926 1593 1443 1318 BCNSPRNW ULIB Ver.6.0+V

เปลี่ยนเป็นภาษาไทย

Change to English
 แสดงรายละเอียดบรรณานุกรม
  กลับหน้าหลัก

Brief Record : Get Marc (ISO 2709) : E-mail record : QR code < ปิดหน้าต่าง
LEADER : 00000nam 2200000uu 4500
001    13399128841
003     ULIB
008    241009s2559||||th 000 0 tha d
020 ^- ^a9789740334835
050 ^- ^aBF723.C5^bก181จ
100 0^ ^aกรรยา พรรณนา
245 10 ^aจิตสาธารณะ...สร้างได้ง่ายนิดเดียว /^cกรรยา พรรณนา.
260 ^- ^aกรุงเทพฯ :^bสำนักพิมพ์แห่งจุฬาลงกรณ์มหาวิทยาลัย,^c2559.
300 ^- ^a341 หน้า :^bภาพประกอบ, ตาราง ;^c21 ซม.
650 ^4 ^aจิตสาธารณะ^xการศึกษาและการสอน
650 ^4 ^aจิตวิทยาเด็ก
650 ^4 ^aสังคมศึกษา^xการศึกษาและการสอน
650 ^4 ^aจิตสาธารณะ
945    ^p270^l0^i011071
945    ^p270^l0^i011072
945    ^p270^l0^i011073
945    ^p270^l0^i011074
945    ^p270^l0^i011075
999    ^aประนอม เกษจรัล
รายการนี้ยังไม่มีแท็ก
คุณยังไม่ได้ล็อกอิน คุณสามารถมีกิจกรรมร่วมกับเว็บไซต์ได้ แต่ต้องล็อกอินก่อน ::
  ล็อกอิน

รายการสื่อสารสนเทศ

ลำดับที่ ประเภท เลขเรียก/บาร์โค้ด สถานที่ สถานะ
1. การศึกษาทั่วไป
หนังสือสำรอง
สถานะ=หนังสือสำรอง
BF723.C5 ก181จ ฉ.1 
  Barcode: 011071
ห้องสมุดวิทยาเขตสวรรค์ประชารักษ์
►หนังสือทั่วไป
บนชั้น
2. การศึกษาทั่วไป
การศึกษาทั่วไป
BF723.C5 ก181จ ฉ.2 
  Barcode: 011072
ห้องสมุดวิทยาเขตสวรรค์ประชารักษ์
►หนังสือทั่วไป
บนชั้น
3. การศึกษาทั่วไป
การศึกษาทั่วไป
BF723.C5 ก181จ ฉ.3 
  Barcode: 011073
ห้องสมุดวิทยาเขตสวรรค์ประชารักษ์
►หนังสือทั่วไป
บนชั้น
4. การศึกษาทั่วไป
การศึกษาทั่วไป
BF723.C5 ก181จ ฉ.4 
  Barcode: 011074
ห้องสมุดวิทยาเขตสวรรค์ประชารักษ์
►หนังสือทั่วไป
บนชั้น
5. การศึกษาทั่วไป
การศึกษาทั่วไป
BF723.C5 ก181จ ฉ.5 
  Barcode: 011075
ห้องสมุดวิทยาเขตสวรรค์ประชารักษ์
►หนังสือทั่วไป
บนชั้น

รายการใกล้เคียง
    ผู้แต่ง [กรรยา พรรณนา]

    หัวเรื่อง [จิตวิทยาเด็ก]
    หัวเรื่อง [จิตสาธารณะ]

BibComment


ยังไม่เคยถูกคอมเมนท์

คอมเมนท์ทรัพยากรรายการนี้
  คอมเมนท์: จิตสาธารณะสร้างไ..


 Copyright 2026. Bcnsprnw @Library